HCHS/HCMS Dramatists by Plays 1 Quiz Stats

 Plays Quiz not verified by Sporcle

Also try: Young Adult Bunker
Challenge
Share
Tweet
Embed
Score 0/25 Timer 10:00
0 Plays Today
Plays Dramatist % Correct
Troilus and Cressida/Pericles/Cymbeline/Antony and Cleopatra/Twelfth NightWilliam Shakespeare
89.2%
A Streetcar Named Desire/Cat on a Hot Tin Roof/The Glass MenagerieTennessee Williams
89.2%
The Mousetrap (longest running play in history/has been running continuously since 1952)Agatha Christie
88%
A Doll's House/Hedda Gabler/An Enemy of the People/The Master BuilderHenrik Ibsen
83.1%
Arms and the Man/Pygmalion/Major Barbara/Androcles and the Lion/Caesar and CleopatraGeorge Bernard Shaw
83.1%
Death of a Salesman/The Crucible/A View from the Bridge/All My SonsArthur Miller
83.1%
Our Town/The Skin of Our Teeth/The Matchmaker/The Happy Journey to Trenton and Camden/The Merchant of Yonkers/The Long Christmas Dinner/The Trumpet Shall SoundThornton Wilder
80.7%
The Importance of Being Earnest/Lady Windmere's Fan/SalomeOscar Wilde
78.3%
Endgame/Waiting for Godot/Rockaby/Krapp's Last TapeSamuel Beckett
77.1%
A Raisin in the Sun/The Sign in Sidney Brustein's Window/Les BlancsLorraine Hansberry
73.5%
The Cocktail Party/The Family Reunion/Murder in the Cathedral/The Confidential Clerk/Sweeney Agonites/The Elder StatesmanT.S. Eliot
73.5%
The Jew of Malta/Doctor Faustus/TamburlaineChristopher Marlowe
72.3%
The Little Foxes/Watch on the Rhine/The Children's Hour/The Dark Angel/The North Star/The Autumn Garden/Toys in the Attic/Another Part of the ForestLillian Hellman
72.3%
Plays Dramatist % Correct
The Seagull/Three Sisters/The Cherry Orchard/Uncle VanyaAnton Chekhov
71.1%
No Exit/The Flies/The Devil and the Good LordJean-Paul Sartre
71.1%
Long Day's Journey into Night/Beyond the Horizon/Anna Christie/Strange Interlude/A Moon for the MisbegottenEugene O'Neill
71.1%
The Odd Couple/Lost in Yonkers/(Brighton Beach Memoirs/Biloxi Blues/Broadway Bound) trilogy/The Dinner Party/Promises, Promises/Barefoot in the Park/Come Blow Your HornNeil Simon
71.1%
Rosencrantz and Guildenstern Are Dead/The Real Thing/Professional FoulTom Stoppard
68.7%
The Birthday Party/The Dumbwaiter/The Homecoming/The Caretaker/Old Times/No Man's Land/The Room/The Hothouse/Tea Party/The Basement/Betrayal/A Kind of Alaska/Ashes to Ashes/MoonligHarold Pinter
63.9%
Miss Julie/The Ghost Sonata/Creditors/The Dance of Death/A Dream PlayAugust Strindberg
61.4%
Phedre/Esther/Andromaque/The Thebaid/The Litigants/AthalieJean Racine
59%
The Blithe Spirit/Private Lives/The Rat Trap/Fallen Angels/The Better Half/Nude with Violin/The Queen Was in the Parlor/This Was a Man/Hay Fever/Easy VirtueNoël Coward
59%
Boris Godunov/Mozart and Salieri/The Stone GuestAlexander Pushkin
57.8%
Tartuffe/The Hypochondriac (The Imaginary Invalid)/The Misanthrope/The School for Wives/The School for Husbands/The Bourgeois GentlemanMolière
56.6%
The Spanish Tragedy/Arden of Eversham/Edward III/possible Ur-Hamlet (Hamlet play preceding Shakespeare's)Thomas Kyd
55.4%

You're not logged in!

Compare scores with friends on all Sporcle quizzes.
OR
Log In

You Might Also Like...

Show Comments

Extras

Created May 11, 2016ReportNominate
Tags:Play Quiz, nationality

Top Quizzes Today


Score Distribution

Your Account Isn't Verified!

In order to create a playlist on Sporcle, you need to verify the email address you used during registration. Go to your Sporcle Settings to finish the process.

Report this User

Report this user for behavior that violates our Community Guidelines.

Details: